Pollution and Environmental Quality Violations: Finding the Right Emission Permit Prices for NO2 EDPs
Alternatívny prístup k riešeniu problému kvality ovzdušia. Systém obchodovania s povoleniami na vypúšťanie emisií NO2. Vývoj dizajnu trhu s limitmi a obchodovaním poskytujúci metódu umožňujúcu priamo vypočítať trhovú cenu. Simulácie obchodovania NO2 EDP a analýza citlivosti.
Uložené v:
| Hlavný autor: | |
|---|---|
| Ďalší autori: | |
| Médium: | Kapitola |
| Jazyk: | English |
| Predmet: | |
| Tagy: |
Žiadne tagy, Buďte prvý, kto otaguje tento záznam!
|
MARC
| LEADER | 00000naa a2200000 4500 | ||
|---|---|---|---|
| 001 | 0286439 | ||
| 005 | 20250812163053.8 | ||
| 041 | 0 | |a eng | |
| 044 | |a US | ||
| 245 | 1 | 0 | |a Pollution and Environmental Quality Violations: Finding the Right Emission Permit Prices for NO2 EDPs |c Keith Willett, Anetta Čaplánová |
| 520 | |a Alternatívny prístup k riešeniu problému kvality ovzdušia. Systém obchodovania s povoleniami na vypúšťanie emisií NO2. Vývoj dizajnu trhu s limitmi a obchodovaním poskytujúci metódu umožňujúcu priamo vypočítať trhovú cenu. Simulácie obchodovania NO2 EDP a analýza citlivosti. | ||
| 610 | 2 | 0 | |a kvalita ovzdušia |
| 610 | 2 | 0 | |a prostredie životné |
| 610 | 2 | 0 | |a trh |
| 610 | 2 | 0 | |a emisie |
| 610 | 2 | 0 | |a politika environmentálna |
| 100 | 1 | |a Willett, Keith | |
| 700 | 1 | |a Čaplánová, Anetta, 1967- | |